Najlepsi strzelcy ligi mistrzów - Statystyki

Ogólne statystyki
  • Ten quiz został rozwiązany 210 razy
  • Średni wynik to 23 z 92
Statystyki odpowiedzi
Sezon Piłkarz Bramki % Poprawnych
2017/2018 Cristiano Ronaldo 15
100%
2016/2017 Cristiano Ronaldo 12
100%
2015/2016 Cristiano Ronaldo 16
100%
2014/2015 Cristiano Ronaldo 10
100%
2013/2014 Cristiano Ronaldo 17
100%
2012/2013 Cristiano Ronaldo 12
100%
2007/2008 Cristiano Ronaldo 8
100%
2018/2019 Lionel Messi 12
100%
2014/2015 Lionel Messi 10
100%
2011/2012 Lionel Messi 14
100%
2010/2011 Lionel Messi 12
100%
2009/2010 Lionel Messi 8
100%
2008/2009 Lionel Messi 9
100%
2019/2020 Robert Lewandowski 15
97%
2014/2015 Neymar 10
61%
2006/2007 Kaká 10
48%
1999/2000 Raúl 10
45%
1976/1977 Gerd Müller 5
39%
1974/1975 Gerd Müller 5
39%
1973/1974 Gerd Müller 8
39%
1972/1973 Gerd Müller 12
39%
1988/1989 Marco van Basten 9
37%
1957/1958 Alfrédo di Stefano 10
34%
1963/1964 Ferenc Puskas 7
30%
1959/1960 Ferenc Puskas 12
30%
1971/1972 Johan Cruyff 5
28%
1999/2000 Rivaldo 10
27%
1997/1998 Alessandro Del Piero 10
25%
2005/2006 Andriy Shevchenko 9
25%
2000/2001 Andriy Shevchenko 9
25%
1998/1999 Andriy Shevchenko 10
25%
1984/1985 Michel Platini 7
21%
2004/2005 Ruud van Nistelrooy 8
21%
2002/2003 Ruud van Nistelrooy 12
21%
2001/2002 Ruud van Nistelrooy 10
21%
1967/1968 Eusébio 6
18%
1965/1966 Eusébio 7
18%
1964/1965 Eusébio 9
18%
1964/1965 José Torres 9
14%
2003/2004 Morientes 9
13%
1992/1993 Romário 7
12%
1989/1990 Romário 7
12%
1991/1992 Jean-Pierre Papin 7
10%
1990/1991 Jean-Pierre Papin 6
10%
1989/1990 Jean-Pierre Papin 7
10%
1994/1995 George Weah 8
5%
1987/1988 Gheorghe Hagi 4
4%
1993/1994 Ronald Koeman 8
4%
1962/1963 Altafini 14
3%
1968/1969 Dennis Law 9
3%
2000/2001 Jardel 9
3%
1999/2000 Jardel 10
3%
1995/1996 Jari Litmanen 9
3%
1980/1981 Karl-Heinz Rummenigge 6
3%
1982/1983 Paolo Rossi 6
3%
1960/1961 José Aguas 11
2%
1958/1959 Just Fontaine 10
2%
1987/1988 Michel 4
2%
1987/1988 Rabah Madjer 4
2%
1963/1964 Sandro Mazzola 7
2%
1987/1988 Alistair McCoist 4
1%
1977/1978 Allan Simonsen 5
1%
1974/1975 Eduard Markarov 5
1%
1965/1966 Florian Albert 7
1%
1980/1981 Graeme Souness 6
1%
1975/1976 Jupp Heynckes 6
1%
1996/1997 Milinko Pantić 5
1%
1955/1956 Milos Milutinovic 8
1%
1969/1970 Ove Kindvall 7
1%
1966/1967 Paul van Himst 6
1%
1987/1988 Rui Águas 4
1%
1999/2000 Sergiy Rebrov 10
1%
1979/1980 Sören Lerby 10
1%
1985/1986 Torbjörn Nilsson 7
1%
1984/1985 Torbjörn Nilsson 7
1%
1983/1984 Viktor Sokol 6
1%
1963/1964 Vladimir Kovacevic 7
1%
1993/1994 Wynton Rufer 8
1%
1971/1972 Antal Dunai 5
0%
1970/1971 Antonis Antoniadis 10
0%
1986/1987 Boro Cvetkovic 7
0%
1978/1979 Claudio Sulser 11
0%
1956/1957 Dennis Viollet 9
0%
1981/1982 Dieter Hoeneß 7
0%
1976/1977 Franco Cucinotta 5
0%
1961/1962 Heinz Strehl 8
0%
1987/1988 Jean-Marc Ferreri 4
0%
1969/1970 Mick Jones 7
0%
1990/1991 Peter Pacult 6
0%
1991/1992 Sergei Yuran 7
0%
1971/1972 Sylvester Takac 5
0%
1980/1981 Terry McDermott 6
0%
Nie znaleziono quizów pasujących do podanych kryteriów
Rozkład punktacji
Procent ludzi z każdym wynikiem
Percentyl według liczby udzielonych odpowiedzi
Twoja historia wyników
Nie rozwiązałeś tego quizu